00308nam a22001217a 4500020001500000040000900015082002000024100001800044245002800062250002600090260004200116650002800158 a8178085658 cNUST a621.3815324 HAY aHaykin, Simon aAdaptive Filter Theory  a4th EditionbVolume-2 aSingapore:bPearson Education,c2002. aAdaptive Filter Theory